Wszystkie państwa które posiadają litere y! - Statystyki

Ogólne statystyki
  • Ten quiz został rozwiązany 1 946 razy
  • Średni wynik to 20 z 32
Statystyki odpowiedzi
Kontynent Państwo % Poprawnych
Ameryka Północna Stany Zjednoczone
87%
Europa Włochy
84%
Azja Chiny
83%
Europa Niemcy
83%
Ameryka Południowa Brazylia
82%
Ameryka Południowa Argentyna
81%
Ameryka Północna Meksyk
81%
Europa Czechy
79%
Europa Węgry
76%
Europa Wielka Brytania
74%
Europa Watykan
67%
Afryka Republika Południowej Afryki
65%
Ameryka Północna Bahamy
62%
Oceania Wyspy Marshalla
61%
Azja Arabia Saudyjska
58%
Oceania Wyspy Salomona
58%
Azja Zjednoczone Emiraty Arabskie
58%
Azja Filipiny
57%
Azja Tadżykistan
57%
Ameryka Północna Kostaryka
56%
Ameryka Północna Trynidad i Tobago
56%
Azja Cypr
55%
Azja Syria
55%
Afryka Demokratyczna Republika Konga
53%
Azja Malediwy
53%
Afryka Republika Zielonego Przylądka
53%
Afryka Republika Środkowoafrykańska
52%
Afryka Wybrzeże Kości Słoniowej
52%
Afryka Sudan Południowy
46%
Afryka Erytrea
45%
Ameryka Północna Saint Vincent i Grenadyny
44%
Afryka Wyspy Świętego Tomasza i Księżęca
11%
Nie znaleziono quizów pasujących do podanych kryteriów
Rozkład punktacji
Procent ludzi z każdym wynikiem
Percentyl według liczby udzielonych odpowiedzi
Twoja historia wyników
Nie rozwiązałeś tego quizu